000 00536nam a2200193Ia 4500
999 _c37464
_d37464
003 OSt
005 20200928145700.0
008 190216s9999||||xx |||||||||||||| ||und||
020 _a9788171338917
040 _coclc
082 _a590
_bKOT/M
100 _aKotpal, R L
_95002
245 0 _aModern Text Book Of Zoology :
_bVertebrates /
_cR L Kotpal
250 _a4th Ed.
260 _bRasthogi Publishers,
_aMeerut:
_c2007.
300 _a864p
650 _aZoology
942 _cBK
_2ddc
_h590
_iKOT/M
_k590
_mKOT/M